| 000 | 00833nam a2200229 a 4500 | ||
|---|---|---|---|
| 005 | 20090630142042.0 | ||
| 008 | 010625s2001 ii b 000 0 eng | ||
| 010 | _aENG-94307 | ||
| 020 |
_c495.00 _a8176485519 |
||
| 020 |
_c495.00 _a9788176485517 |
||
| 035 | _aEN-77840 | ||
| 037 | _bDBAD / PUB | ||
| 040 |
_adpl _bEnglish |
||
| 082 | _a647.95068 | ||
| 100 | _aChakravarti, B.K. | ||
| 245 |
_aRestaurant management / _cby B.K. Chakravarti |
||
| 260 |
_aNew Delhi _bAPH Publishing _c2009 |
||
| 270 |
_a4435-36/7, Ansari Road, Daryaganj _bNew Delhi _e110002 |
||
| 300 |
_a241p. _c23cm(Hb) |
||
| 942 |
_2ddc _cEN _mCHA _h647.95068 |
||
| 999 |
_c27999 _d27999 |
||